000 00817nam a22002897a 4500
001 BR2018000001
003 BR-BrBNA
005 20230928105214.0
007 ta
008 230509b bl.||||| |||| 00| 0 por d
040 _aBR-BrBNA
_bpor
_cBiblioteca Nacional de Agricultura
041 _a(Por)
072 _aQ03
090 _ Q03 BR2018000001
100 1 _aFreitas, C.M. de
100 1 _aAmaral, D. de R.
110 1 _aEmpresa de Assistência Técnica e Extensão Rural, Brasília, DF (Brasil)
_94059
245 1 _aBoas práticas no preparo dos alimentos
260 3 _aBrasília, DF (Brasil):
_c2015.
300 _a27 p.
500 _a13 ref.
650 _aHIGIENE DE ALIMENTO
650 _aSEGURANÇA ALIMENTAR
650 _aCONTAMINAÇÃO
909 _a202309
_bLucia
_c55
_dLucia Elande
942 _cBK
999 _c84021
_d84021